Statistics for NBA Highest Finals Average Points Per Game

Click here to take the quiz!

General Stats

  • This quiz has been taken 53 times
  • The average score is 6 of 10

Answer Stats

HintAnswer% Correct
33.60Michael Jordan
96%
28.40Labron James
92%
27.29Stephen Curry
86%
30.33Kevin Durant
84%
28.83Shacquille O'Neal
71%
30.53Jerry West
61%
27.47Hakeem Olajuwon
47%
27.69Kyrie Irving
43%
36.30Rick Barry
16%
38.36Bob Petit
6%

Score Distribution

Percentile by Number Answered

Percent of People with Each Score

Your Score History

You have not taken this quiz